Statistics for Fill In The Lyrics #2

Click here to take the quiz!

General Stats

  • This quiz has been taken 18 times
  • The average score is 110 of 295

Answer Stats

Answer% Correct
I
100%
a
93%
we
87%
f***
80%
the
80%
The
80%
you
80%
be
73%
To
73%
to
73%
"To
73%
When
73%
can
67%
Where
60%
where
60%
and
53%
And
53%
but
47%
But
47%
could
47%
for
47%
in
47%
In
47%
on
47%
On
47%
so
47%
by
40%
I'm
40%
of
40%
that
40%
there,
40%
time
40%
Try,
40%
at
33%
get
33%
got
33%
night,
33%
not
33%
Now
33%
take
33%
way,
33%
Way
33%
were
33%
find
27%
from
27%
From
27%
key,
27%
key
27%
look
27%
make
27%
never
27%
or
27%
right
27%
with
27%
about
20%
again
20%
As
20%
Every
20%
eyes
20%
id
20%
it's
20%
I've
20%
save
20%
side
20%
under
20%
wasn't
20%
afraid
13%
alone,
13%
bear
13%
believe
13%
broken
13%
dark
13%
fight
13%
grave"
13%
has
13%
know,
13%
Maybe
13%
mean
13%
much
13%
other
13%
pass,
13%
safe
13%
scared
13%
Something
13%
speed
13%
Think
13%
Through
13%
through
13%
walk
13%
whats
13%
white,
13%
action's
7%
bars
7%
Beware
7%
boulevard
7%
breaking
7%
cage
7%
carved
7%
Central
7%
dreams
7%
evil
7%
Face,
7%
golden
7%
Gramercy
7%
heavenly
7%
Hitties
7%
inside
7%
left,
7%
lookin'
7%
mark
7%
mass
7%
meant
7%
medium
7%
might,
7%
might
7%
miss
7%
mother
7%
park
7%
Park
7%
Park,
7%
perilous
7%
place,
7%
pristine
7%
Revenge
7%
rise
7%
scene,
7%
scene
7%
seat
7%
simply
7%
someone's
7%
stars
7%
starved
7%
Stay
7%
stay
7%
still
7%
supremacy
7%
thought
7%
Thoughts
7%
touches
7%
yet
7%

Score Distribution

Percentile by Number Answered

Percent of People with Each Score

Your Score History

You have not taken this quiz